Click The Hennepin County Cities - Statistics

General Stats
  • This quiz has been taken 103 times
  • The average score is 15 of 44
Answers on the Map
Answers color-coded by a green-red scale on the quiz's map according to % correct below.
 
Answer Stats
Answer % Correct
Minneapolis
86%
Bloomington
76%
Fort Snelling (Unorganized Territory)
76%
Richfield
76%
Edina
71%
Saint Louis Park
57%
Golden Valley
52%
Eden Prairie
48%
Robbinsdale
48%
Brooklyn Center
43%
Brooklyn Park
43%
Hopkins
43%
Maple Grove
43%
Minnetonka
38%
Plymouth
38%
Champlin
33%
Corcoran
33%
New Hope
33%
Excelsior
29%
Medicine Lake
29%
Osseo
29%
Rogers
29%
Dayton
24%
Greenfield
24%
Independence
24%
Loretto
24%
Mound
24%
Rockford
24%
Saint Bonifacius
24%
Shorewood
24%
Wayzata
24%
Crystal
19%
Deephaven
19%
Hanover
19%
Maple Plain
19%
Orono
19%
Greenwood
14%
Medina
14%
Minnetonka Beach
14%
Minnetrista
14%
Spring Park
14%
Tonka Bay
14%
Long Lake
10%
Woodland
10%
No matching quizzes found
Score Distribution
Percent of People with Each Score
Percentile by Number Answered
Your Score History
You have not taken this quiz